| 000 | 00766 a2200229 4500 | ||
|---|---|---|---|
| 005 | 20090820121938.0 | ||
| 008 | 090820t xxu||||| |||| 00| 0 eng d | ||
| 010 | _aENG-85995 | ||
| 020 |
_a0700616345 _c295.00 |
||
| 035 | _aEN-69528 | ||
| 037 | _bD.B.Act / Pub | ||
| 082 | _a658.4038011 | ||
| 100 | _aJawadekar, Waman S. | ||
| 245 |
_aManagement information systems _btext and cases _cby Waman S. Jawadekar |
||
| 250 | _a3rd ed. | ||
| 260 |
_aNew Delhi _bTata McGraw-Hill Publishing _c2007 |
||
| 270 |
_a7, West Patel Nagar _bNew Delhi _e110008 |
||
| 300 |
_axxii, 786 p. _c24 cm (Pbk.) |
||
| 500 | _aIncludes index | ||
| 942 |
_adpl _cEN _k658.4038011 / JAW _2ddc |
||
| 999 |
_c3909 _d3909 |
||